Čínska ekonomika v kríze – mýty, fakty, riziká

Objektívny, realite zodpovedajúci obraz o čínskej ekonomike v kontexte súčasnej finančnej a hospodárskej krízy. Vybrané makroekonomické ukazovatele, tak ako ich vykazuje oficiálny čínsky štatistický úrad a spochybnenie ich hodnovernosti. Skryté riziká súčasnej podoby čínskeho ekonomického modelu, kt...

ver descrição completa

Na minha lista:
Detalhes bibliográficos
Autor principal: Puškárová, Paula, 1985-
Formato: Capítulo de Livro
Idioma:eslovaco
Assuntos:
Tags: Adicionar Tag
Sem tags, seja o primeiro a adicionar uma tag!

MARC

LEADER 00000nla$a2200000$$$4500
001 0120505
005 20240502072345.3
041 0 |a slo 
044 |a SK 
245 1 0 |a Čínska ekonomika v kríze – mýty, fakty, riziká  |c Paula Puškárová 
520 |a Objektívny, realite zodpovedajúci obraz o čínskej ekonomike v kontexte súčasnej finančnej a hospodárskej krízy. Vybrané makroekonomické ukazovatele, tak ako ich vykazuje oficiálny čínsky štatistický úrad a spochybnenie ich hodnovernosti. Skryté riziká súčasnej podoby čínskeho ekonomického modelu, ktoré zintenzívnené súčasnou krízou podporujú hypotézu, že Čína čelí najväčšej bubline v histórii. 
610 2 0 |a Čína 
610 2 0 |a hospodárstvo národné 
610 2 0 |a ukazovatele makroekonomické 
610 2 0 |a údaje štatistické 
610 2 0 |a kríza hospodárska 
610 2 0 |a zadlženosť 
610 2 0 |a starostlivosť sociálna 
610 2 0 |a starostlivosť zdravotná 
100 1 |a Puškárová, Paula, 1985-